Normal view
MARC view
Entry Personal Name
001 - CONTROL NUMBER
- control field: 10654
003 - CONTROL NUMBER IDENTIFIER
- control field: OSt
005 - DATE AND TIME OF LATEST TRANSACTION
- control field: 20211119100155.0
008 - FIXED-LENGTH DATA ELEMENTS
- fixed length control field: 211119|| aca||aabn | a|a d
040 ## - CATALOGING SOURCE
- Original cataloging agency: OSt
- Transcribing agency: OSt
100 ## - HEADING--PERSONAL NAME
- Personal name: COOK (Robin)
670 ## - SOURCE DATA FOUND
- Source citation: Work cat.: (OSt): Robin Cook 10648, Point of Departure: Why One of Britain's Leading Politicians Resigned Over Tony Blair's Decision to Go to War in Iraq, 2003